| 000 | 00566nam a2200217Ia 4500 | ||
|---|---|---|---|
| 003 | GCL | ||
| 008 | 140319s9999 xx 000 0 eng d | ||
| 040 |
_aGCL / _cGCL |
||
| 082 | 0 | 4 |
_a543 _bJ V |
| 100 | 1 | _aBASSETT, J. | |
| 245 | 1 | 0 |
_aVOGEL'S TEXTBOOK OF QUANTITATIVE CHEMICAL ANALYSIS, 5TH ED. / _cBASSETT, J. |
| 700 | 1 | _aJEFFERY, G.H | |
| 700 | 1 | _aDENNEY, R.C (R E V) | |
| 700 | 1 | _aMENDHAM , J | |
| 260 |
_a[S.N] : _bELBS ، _c1989 |
||
| 300 | _a877 P | ||
| 650 | 0 | 4 | _aCHEMISTRY |
| 650 | 0 | 4 | _aORGANIC CHEMISTRY |
| 650 | 0 | 4 | _aQUANTITATIVE |
| 942 |
_2ddc _cBK |
||
| 999 |
_c20493 _d20493 |
||